Statistics for Countries with GDP Higher than their neighbours 2100

Click here to take the quiz!

General Stats

  • This quiz has been taken 16 times
  • The average score is 16 of 21

Answers on the Map

Answers color-coded by a green-red scale on the quiz's map according to % correct below.
 

Answer Stats

Answer% Correct
Brazil
100%
Indonesia
93%
United States
93%
Egypt
86%
Germany
86%
India
86%
Nigeria
86%
Turkey
86%
United Arab Emirates
86%
United Kingdom
86%
Algeria
79%
South Africa
79%
Angola
71%
Dominican Republic
71%
Ethiopia
71%
Sweden
71%
Ghana
64%
Japan
64%
Tanzania
64%
Costa Rica
57%
New Zealand
29%

Score Distribution

Percentile by Number Answered

Percent of People with Each Score

Your Score History

You have not taken this quiz